[Event "Nikaia op 18th"]
[Site "Nikaia"]
[Date "2010.08.25"]
[Round "7"]
[White "Kondopoulos, Dimitrios"]
[Black "Tolis, Evangelos"]
[Result "1/2-1/2"]
[WhiteElo "2030"]
[BlackElo "2117"]
[PlyCount "138"]
[EventDate "2010.08.20"]
[EventType "swiss"]
[EventRounds "9"]
[EventCountry "GRE"]
[SourceTitle "CBM 138 Extra"]
[Source "ChessBase"]
[SourceDate "2010.10.29"]
[SourceVersion "1"]
[SourceVersionDate "2010.10.29"]
[SourceQuality "1"]

1. g3 d5 2. Bg2 e5 3. d3 Nf6 4. Nf3 Bd6 5. 0-0 Bg4 6. c4 Bxf3 7. Bxf3 e4 8. Bg2 dxc4 9. dxc4 0-0 10. Nc3 c6 11. Bg5 Be7 12. Bxf6 Bxf6 13. Nxe4 Be7 14. Qxd8 Rxd8 15. Rfd1 Na6 16. a3 f5 17. Nc3 Bf6 18. Rxd8+ Rxd8 19. Rd1 Rxd1+ 20. Nxd1 Nc5 21. b4 Nd7 22. e4 fxe4 23. Bxe4 g6 24. Kf1 Kg7 25. Ke2 h5 26. f4 Bd4 27. h3 Kf6 28. g4 hxg4 29. hxg4 g5 30. Kf3 gxf4 31. Kxf4 Be5+ 32. Ke3 Kg5 33. Bf5 Bf4+ 34. Kd4 Ne5 35. Nf2 Bh2 36. Bc8 b6 37. Nh3+ Kh4 38. Nf2 Kg5 39. Nh3+ Kh4 40. Nf2 Kg5 41. c5 Nf3+ 42. Ke3 Ne5 43. Ne4+ Kg6 44. Bf5+ Kg7 45. Kd4 Nf3+ 46. Kd3 Bg1 47. g5 Ne5+ 48. Kc3 Nf3 49. a4 Be3 50. b5 Ne5 51. bxc6 Nxc6 52. Bd7 Ne7 53. c6 Bf4 54. Kc4 a6 55. Be8 Be5 56. Nc3 Bf4 57. Nd5 b5+ 58. Kc5 Nxd5 59. Kxd5 bxa4 60. Kc4 Bd6 61. Kd5 Bc7 62. Kc4 Bd6 63. Bh5 a3 64. Kb3 a5 65. Kc3 a4 66. Kc2 Be5 67. Kb1 Bc7 68. Ka2 Bd6 69. c7 Bxc7 1/2-1/2

[Event "Nikaia op 18th"]
[Site "Nikaia"]
[Date "2010.08.23"]
[Round "5"]
[White "Ismail, Shereif"]
[Black "Tolis, Evangelos"]
[Result "1-0"]
[WhiteElo "2234"]
[BlackElo "2117"]
[PlyCount "123"]
[EventDate "2010.08.20"]
[EventType "swiss"]
[EventRounds "9"]
[EventCountry "GRE"]
[SourceTitle "CBM 138 Extra"]
[Source "ChessBase"]
[SourceDate "2010.10.29"]
[SourceVersion "1"]
[SourceVersionDate "2010.10.29"]
[SourceQuality "1"]

1. e4 c5 2. Nf3 d6 3. d4 cxd4 4. Nxd4 Nf6 5. Nc3 a6 6. Bg5 e6 7. f4 Qb6 8. Nb3 Nbd7 9. Qf3 Be7 10. 0-0-0 Qc7 11. Bd3 b5 12. a3 Bb7 13. Rhe1 h6 14. Bh4 g5 15. Bg3 0-0-0 16. Qe2 gxf4 17. Bxf4 e5 18. Bg3 Kb8 19. Kb1 h5 20. a4 b4 21. Nd5 Nxd5 22. exd5 a5 23. Ba6 Qb6 24. Bxb7 Kxb7 25. Bf2 Qa6 26. Qf3 f5 27. Nd4 f4 28. Nc6 Rde8 29. Re4 Nb8 30. c3 b3 31. c4 Nxc6 32. dxc6+ Qxc6 33. Rxe5 Qxf3 34. Rb5+ Kc6 35. gxf3 Rb8 36. Rd3 Rxb5 37. axb5+ Kc7 38. Rxb3 Rg8 39. b6+ Kb7 40. Rb5 Rg2 41. Bd4 Rg5 42. Rxg5 Bxg5 43. Kc2 Bd8 44. Kb3 Bxb6 45. Bc3 Kc6 46. Ka4 Bg1 47. h3 Kc5 48. b3 d5 49. cxd5 Kxd5 50. Kxa5 Be3 51. Ka4 Ba7 52. Ka3 Be3 53. Kb2 Bg1 54. Kc2 Bb6 55. Kd3 Bc5 56. Bd2 Bd6 57. b4 Be7 58. b5 Bd6 59. b6 Bb8 60. Bb4 Ke5 61. Be7 Kd5 62. Bd8 1-0

[Event "Nikaia Fysiolatriko op 05th"]
[Site "Nikaia"]
[Date "2007.06.18"]
[Round "2"]
[White "Tolis, Evangelos"]
[Black "Sigalas, Frangiskos"]
[Result "0-1"]
[WhiteElo "2052"]
[BlackElo "2290"]
[PlyCount "68"]
[EventDate "2007.06.17"]
[EventType "swiss"]
[EventRounds "7"]
[EventCountry "GRE"]
[SourceTitle "EXT 2008"]
[Source "ChessBase"]
[SourceDate "2007.11.25"]
[SourceVersion "1"]
[SourceVersionDate "2007.11.25"]
[SourceQuality "1"]

1. d4 Nf6 2. c4 e6 3. g3 d5 4. Nf3 Be7 5. Bg2 0-0 6. 0-0 dxc4 7. Qc2 a6 8. Qxc4 b5 9. Qc2 Bb7 10. Bd2 Ra7 11. Rc1 Be4 12. Qb3 Nc6 13. e3 Qa8 14. Qd1 Nb4 15. Bxb4 Bxb4 16. a3 Bd6 17. Nbd2 Bd5 18. Qf1 Rc8 19. b4 a5 20. Rcb1 axb4 21. axb4 Ra4 22. Rxa4 bxa4 23. Qc1 Rb8 24. Qa3 Ne4 25. Nxe4 Bxe4 26. Ne1 Bxg2 27. Nxg2 Qa5 28. Ne1 Rxb4 29. Qc3 Qb5 30. Ra1 Rb1 31. Kg2 Rxa1 32. Qxa1 a3 33. Nc2 Qb2 34. Qd1 a2 0-1

[Event "Nikaia op 13th"]
[Site "Nikaia"]
[Date "2005.08.29"]
[Round "8"]
[White "Lamprecht, Mark"]
[Black "Tolis, Evangelos"]
[Result "1/2-1/2"]
[WhiteElo "2221"]
[BlackElo "2048"]
[PlyCount "29"]
[EventDate "2005.08.23"]
[EventType "swiss"]
[EventRounds "9"]
[EventCountry "GRE"]
[SourceTitle "CBM 108 Extra"]
[Source "ChessBase"]
[SourceDate "2005.11.04"]
[SourceVersion "1"]
[SourceVersionDate "2005.11.04"]
[SourceQuality "1"]

1. c4 e5 2. Nc3 Nf6 3. g3 d5 4. cxd5 Nxd5 5. Bg2 Nb6 6. Nf3 Nc6 7. 0-0 Be7 8. d3 0-0 9. Be3 Be6 10. Qd2 Nd5 11. Nxd5 Bxd5 12. a3 a5 13. Rac1 Nd4 14. Bxd4 exd4 15. e4 1/2-1/2

[Event "Nikaia op 13th"]
[Site "Nikaia"]
[Date "2005.08.24"]
[Round "3"]
[White "Tolis, Evangelos"]
[Black "Tzamouranis, Dimitrios"]
[Result "0-1"]
[WhiteElo "2048"]
[BlackElo "1970"]
[PlyCount "132"]
[EventDate "2005.08.23"]
[EventType "swiss"]
[EventRounds "9"]
[EventCountry "GRE"]
[SourceTitle "CBM 108 Extra"]
[Source "ChessBase"]
[SourceDate "2005.11.04"]
[SourceVersion "1"]
[SourceVersionDate "2005.11.04"]
[SourceQuality "1"]

1. d4 d5 2. c4 c6 3. Nf3 Nf6 4. Nc3 dxc4 5. Ne5 b5 6. g3 e6 7. Bg2 Nd5 8. e4 Nxc3 9. bxc3 Bb7 10. Qf3 Qc7 11. Bf4 Bd6 12. Nxf7 Qxf7 13. Bxd6 Qxf3 14. Bxf3 Nd7 15. 0-0 Nb6 16. Bg4 Kd7 17. Be5 Na4 18. Rac1 h5 19. Bh3 g5 20. Bxh8 Rxh8 21. f4 g4 22. Bg2 Nb2 23. f5 Nd3 24. Rc2 e5 25. a4 a5 26. axb5 cxb5 27. Rb1 Kc6 28. Bf1 Kb6 29. d5 Rc8 30. Bxd3 cxd3 31. Rcb2 Ba6 32. Rb3 Kc5 33. Kf2 Rb8 34. Ke3 b4 35. cxb4+ axb4 36. Rc1+ Bc4 37. Rxd3 b3 38. Rdc3 Rb4 39. f6 b2 40. Rb1 Rb6 41. f7 Rf6 42. Rxb2 Rf3+ 43. Kd2 Rf2+ 44. Kc1 Rf1+ 45. Kc2 Rxf7 46. Re3 Kd4 47. Re1 Bd3+ 48. Kc1 Kc3 49. Ra2 Rf6 50. Ra3+ Kd4 51. Ra7 Rb6 52. Rc7 Bxe4 53. Rxe4+ Kxe4 54. Rc6 Rb5 55. d6 Kd5 56. Ra6 Ke6 57. Kc2 Rd5 58. d7+ Kxd7 59. Rh6 e4 60. Kc3 e3 61. Rh7+ Kd6 62. Rh6+ Ke7 63. Ra6 e2 64. Ra7+ Kf6 65. Ra6+ Kf5 66. Ra1 Rd1 0-1